Don't You Remember- Adele (21) - Statistics

General Stats
  • This quiz has been taken 218 times
  • The average score is 166 of 200
Answer Stats
Answer % Correct
you
100%
You
100%
I
97%
a
96%
do
96%
don't
96%
Don't
96%
the
96%
The
96%
me
95%
remember
95%
left
94%
When
94%
no
92%
No
92%
was
90%
not
89%
reason
89%
will
89%
and
87%
And
87%
be
87%
again
86%
see
86%
we
86%
in
85%
my
85%
to
85%
with
85%
Baby
84%
But
84%
goodbye
84%
more
84%
said
84%
single
84%
where
84%
word
84%
have
82%
know
82%
please
82%
heart
81%
kiss
80%
once
80%
time
80%
were
80%
your
80%
last
78%
loved
78%
of
78%
had
77%
head
76%
from
75%
so
75%
final
73%
idea
73%
memory
73%
Or
73%
before
72%
less
72%
bitterness
70%
erased
70%
any
68%
Why
68%
eye
67%
thought
67%
state
66%
completely
65%
heaviness
65%
think
65%
about
63%
seal
62%
fickle
61%
free
59%
Gave
58%
went
58%
often
57%
would
57%
bring
56%
wandering
56%
back
54%
could
54%
space
54%
breathe
53%
wrong
53%
distance
51%
kept
51%
that
51%
missing
48%
piece
47%
find
44%
sins
43%
hope
42%
it
35%
No matching quizzes found
Score Distribution
Percent of People with Each Score
Percentile by Number Answered
Your Score History
You have not taken this quiz